00686nam a2200181Ia 4500001000700000008004100007010001100048082001400059100011300073245001800186260003700204300001100241440000500252500001600257503000500273650020200278650002400480Z_4700220113s1978 xx 000 0 und d a163627 a633.2 R43 aRed Internacional de Evaluación de Pastos Tropicales. Reunión de la RIEPT-CAC (1: 1988: Veracruz, Ver.) a/cpor INIFAP aVeracruz, Ver. :bINIFAP,c1978 a495 p. a aFotocopía a aPastizalesxCongresos I. Instituto Nacional de Investigaciones Forestales y Agropecuarias. México II. Centro Internacional de Agricultura Tropical, Colombia III. Evaluación de pastos tropicales aPastosxTrópicos